00417pam a2200157a 44500008004100000020001800041082001600059100001000075245006400085260004100149300001100190502000900201700001900210906001100229999001900240230405s2022 xxu||||| |||| 00| 0 eng d a9789392242243 a610.73bMAM aMamta aPractical Record Book for Midwifery and Obstetrical Nursing aPanjabbVision Health Sc. Pub.c2022 a573 p. atext akumari, Sunita a004500 c252514d252514